000 00514nam a2200205Ia 4500
001 9086
003 IVS
005 20250626030149.0
008 211022s9999 xx 000 0 und d
040 _cIVS
082 _a746 NIM
100 _aNimal G. Verho
245 0 _aCraft intervention in Dadu
260 _aKarachi
260 _bIndus Valley School
260 _c2008
300 _a38
856 _uhttps://drive.google.com/file/d/1oPdktsB5UYTG0ssxCERpPniGOTdc-OMy/view?usp=sharing
942 _cDISS
_n0
_2ddc
999 _c7806
_d7806